| 000 | 00525nam a2200181Ia 4500 | ||
|---|---|---|---|
| 003 | IN-BaIIA | ||
| 005 | 20250704140825.0 | ||
| 008 | 211028s9999 xx 000 0 eng d | ||
| 040 | _cIIA Library | ||
| 080 |
_a551.4 _bDUT |
||
| 100 |
_aDutoit, Alex L _93415 |
||
| 245 | 0 |
_aOur wandering continnts _ban hypothesis of continental drifting _cAlex L Du Toit |
|
| 260 |
_aLondon _bOliver and Boyd _c1937 |
||
| 300 | _axiii, 366p. | ||
| 650 | _aAstronomy and Astrophysics Thesaurus | ||
| 650 |
_aDrifting _93416 |
||
| 942 |
_cBK _2ddc |
||
| 999 |
_c1751 _d1751 |
||